| 000 | 01726nam a2200445Ii 4500 | ||
|---|---|---|---|
| 001 | DIGECOED0643 | ||
| 003 | NyNyDIG | ||
| 006 | m o d | ||
| 007 | cr ||||||||||| | ||
| 008 | 240904s2020 ck a ob 000 0 spa d | ||
| 035 | _a(OCoLC)1454785592 | ||
| 040 |
_aDGITA _beng _erda _epn _cDGITA |
||
| 020 |
_a9789587718744 _qeBook |
||
| 020 | _z9789587718737 | ||
| 050 | 1 | 4 | _aHF5686.H7 ebook |
| 082 | 0 | 4 |
_a657.8322 _223 |
| 100 | 1 |
_aCharlita Hidalgo, Pedro, _eauthor. |
|
| 245 | 1 | 0 |
_aGestión de costos en salud : _bteoría, cálculo y uso / _cPedro E. Charlita H. |
| 250 | _aTercera edición. | ||
| 264 | 1 |
_aBogotá : _bEcoe Ediciones, _c[2020] |
|
| 300 |
_a1 online resource : _billustrations. |
||
| 336 |
_atext _btxt _2rdacontent |
||
| 337 |
_acomputer _bc _2rdamedia |
||
| 338 |
_aonline resource _bcr _2rdacarrier |
||
| 347 |
_atext file _2rdaft |
||
| 347 | _bPDF | ||
| 490 | 1 | _aColección: Ciencias de la salud. Área: Administración en salud | |
| 504 | _aIncludes bibliographical references. | ||
| 588 | 0 | _aOnline resource; title from PDF title page (Digitalia, viewed September 4, 2024) | |
| 650 | 0 |
_aHospitals _xAdministration. |
|
| 650 | 0 |
_aHospitals _xAccounting. |
|
| 650 | 0 |
_aHospitals _xCosts. |
|
| 791 | 2 |
_aDigitalia (Firm), _edistributor. |
|
| 793 | 0 |
_gDigitalia eBook Collection: _aEcoe Ediciones |
|
| 776 | 0 | 8 |
_iPrint version: _aCharlita Hidalgo, Pedro. _tGestión de costos en salud. _bTercera edición. _dBogotá : Ecoe Ediciones, [2020] _z9789587718737 |
| 830 | 0 |
_aColección Ciencias de la salud (ECOE Ediciones). _pAdministración en salud. |
|
| 856 | 4 | 0 |
_3Digitalia Hispánica _uhttps://www.digitaliapublishing.com/a/156664/ |
| 910 | _aPremium collection: 2024 | ||
| 942 | _cRAA | ||
| 999 |
_c286640 _d286640 |
||